Indian political thought and its contemporary relevance / (Record no. 151838)

MARC details
000 -LEADER
fixed length control field 00664nam a22001937a 4500
005 - DATE AND TIME OF LATEST TRANSACTION
control field 20180503112322.0
010 ## - LCCN (DPL NO)
LC control number ENG-122862
020 ## - INTERNATIONAL STANDARD BOOK NUMBER
International Standard Book Number 9788126921454
Terms of availability 1250.00
035 ## - SYSTEM CONTROL NUMBER
System control number EN-106394
037 ## - SOURCE OF ACQUISITION
Source of stock number/acquisition DBAD/PUB
082 ## - DEWEY DECIMAL CLASSIFICATION NUMBER
Classification number 320.0954
245 ## - TITLE STATEMENT
Title Indian political thought and its contemporary relevance /
Statement of responsibility, etc ed. by Lopamudra Sengupta
260 ## - PUBLICATION, DISTRIBUTION, ETC. (IMPRINT)
Place of publication, distribution, etc New Delhi
Name of publisher, distributor, etc Atlantic Publishers
Date of publication, distribution, etc 2016
270 ## - ADDRESS
Address 7/22, Ansari Road, Darya Ganj,
City New Delhi
Postal code 110002
Telephone number 011-40775252, 23273880
Electronic mail address orders@atlanticbooks.com
300 ## - PHYSICAL DESCRIPTION
Extent xix, 460p.
Dimensions 22cm (Hb)
500 ## - GENERAL NOTE
General note It include index
700 ## - ADDED ENTRY--PERSONAL NAME
Personal name Lopamudra Sengupta
942 ## - ADDED ENTRY ELEMENTS (KOHA)
Source of classification or shelving scheme Dewey Decimal Classification
Item type English Books
Call number suffix IND
Classification part 320.0954
Holdings
Withdrawn status Lost status Not for loan Collection code Home library Current library Date acquired Source of acquisition Cost, normal purchase price Full call number Barcode Copy number Cost, replacement price Koha item type
    Not For Loan Non-fiction D.B.Act.Division Bawana 03/05/2018 DBAD/PUB 1250.00 320.0954 IND EN-106394 1 1250.00 English Books

© Delhi Public Library
Hit Counter
free hit counter